| 000 | 01169 a2200349 4500 | ||
|---|---|---|---|
| 999 |
_c200002392 _d29434 |
||
| 001 | 200002392 | ||
| 003 | TR-AnTOB | ||
| 005 | 20210510172419.0 | ||
| 008 | 101028b tu 000 0 | ||
| 020 | _a0420435905 | ||
| 040 |
_aTR-AnTOB _beng _cTR-AnTOB _erda |
||
| 041 | _aeng | ||
| 050 | 1 | 4 |
_aKJE2045 _b.G6518 1973 |
| 090 | _aKJE2045 .G6518 1973 | ||
| 100 | 1 |
_aGoldman, Berthold _971497 |
|
| 240 | 0 |
_aDroit commercial européen. _lEnglish _971500 |
|
| 245 | 1 | 0 |
_aEuropean commercial law / _cTranslated by Philip Hawkes and Christopher Mitchell-Heggs. Foreword by K. R. Simmonds. |
| 264 | 1 |
_aLondon, _aNew York,: _bM. Bender, _c1973. |
|
| 300 |
_axxiv, 452 pages: _c26 cm. |
||
| 336 |
_2rdacontent _atext _btxt |
||
| 337 |
_2rdamedia _aunmediated _bn |
||
| 338 |
_2rdacarrier _avolume _bnc |
||
| 500 | _aTranslation of Droit commercial européen. | ||
| 504 | _aIncludes bibliographical references. | ||
| 650 | 0 |
_aTicaret hukuku _zAvrupa Ekonomik Toplulugu Ülkeleri _971498 |
|
| 650 | 0 |
_aCommercial law _zEuropean Economic Community countries _971499 |
|
| 910 | _a0029975 | ||
| 942 |
_cBK _2lcc |
||